Quizzes
Events
Quiz Creation
Community
Videos
Private Events
Remove Ads
Sign In
Join for FREE
Feedback
Dark Mode
Quiz Categories
Sports
Geography
Music
Movies
Television
Just For Fun
Miscellaneous
History
Literature
Language
Science
Gaming
Entertainment
Religion
Holiday
For Kids
Quiz Lab
Recent
Popular Today
Quiz Kudos Today
Editor Picks
Curator Picks
Quizzes by...
Day
Popularity
Type
Ratings
Length
Year
Community
Subscriptions
Recent Discussions
Orange Saloon
Badges
Playlists
Quests
Create
Leaderboards
Showdown
Live 5
Trivia Bingo
Activity
Puzzle Library
Sporcle Events
Private Events
Virtual Trivia
Globe League
Become a Host
Pub Owners
SporcleCon
Opinionation
Our Games
Videos
Blog
Mobile Apps
Partnerships
Remove Ads and Go Orange
Feedback
Sports
Athletes
MLB
NBA
NHL
NFL
Soccer
Sports Teams
WWE
NCAA
Football
Premier League
Basketball
Baseball
Hockey
Golf
Tennis
Cricket
Rugby
Auto Racing
Olympics
World Cup
Sports
Athletes
MLB
NBA
NHL
NFL
Soccer
Sports Teams
WWE
NCAA
Football
Premier League
Basketball
Baseball
Hockey
Golf
Tennis
Cricket
Rugby
Auto Racing
Olympics
World Cup
Random Quiz
Search Sporcle
×
Quiz Lab
Quiz Lab
Sports
NFL
Type in answers that appear in a list
Type in answers that appear in a list
Classic
Best Score? Go Orange.
Top 200 NFL Passing Yardage Leaders Thru 2011 Stats
Can you name the Top 200 NFL Passing Yardage Leaders thru the 2011 season?
By
Dangard
20m
200 Questions
319 Plays
319 Plays
319 Plays
Comments
Comments
Give Quiz Kudos
Give Quiz Kudos
-
- Ratings
hide this ad
More Info
Replay
Link that replays current quiz
Next Quiz
Link to next quiz in quiz playlist
You Got
0%
They Got
Avg Score
67%
Avg Friend Score
Upgrade to see
Score Distribution
Jump to the score distribution portion of the page
Score
0/200
Timer
20:00
0
Plays Today
team/ years played
player name
% Correct
Indianapolis Colts 1998-
Peyton Manning
100%
New York Giants 2004-
Eli Manning
100%
New Orleans Saints 1971-
1984
Archie Manning
100%
Green Bay Packers 1991-
2010
Brett Favre
99.7%
Miami Dolphins 1983-
1999
Dan Marino
99.7%
Denver Broncos 1983-
1998
John Elway
99.7%
Houston Oilers 1984-
2000
Warren Moon
99.4%
New England Patriots 1993-
2006
Drew Bledsoe
99.4%
New Orleans Saints 2001-
Drew Brees
99.1%
San Francisco 49ers 1979-
1994
Joe Montana
99.1%
New England Patriots 2000-
Tom Brady
99.1%
Philadelphia Eagles 1999-
2011
Donovan McNabb
98.7%
San Francisco 49ers 1985-
1999
Steve Young
98.1%
Tennessee Titans/
Eagles 2006-
Vince Young
98.1%
Minnesota Vikings 1961-
1978
Fran Tarkenton
97.8%
New York Jets 1987-
2007
Vinny Testaverde
97.8%
Rams/
Giants/
Cardinals 1998-
2009
Kurt Warner
97.5%
San Diego Chargers 1973-
1987
Dan Fouts
97.2%
Baltimore Colts 1956-
1973
Johnny Unitas
97.2%
Buffalo Bills 1986-
1996
Jim Kelly
96.9%
New York Giants 1995-
2011
Kerry Collins
96.6%
Cincinnati Bengals 1984-
1997
Boomer Esiason
96.2%
Seattle Seahawks 1998-
Matt Hasselbeck
95.3%
Dallas Cowboys 1989-
2000
Troy Aikman
95.3%
San Francisco 49ers 2005-
Alex Smith
95.3%
N.Y. Giants 1979-
1993
Phil Simms
93.7%
Minnesota Vikings 1992-
2008
Brad Johnson
93.1%
Cardinals/
Oilers/
Broncos 1961-
1975
Charley Johnson
93.1%
Cleveland Browns 1958-
1970
Frank Ryan
93.1%
Atlanta Falcons 2008-
Matt Ryan
93.1%
Atlanta Falcons 1966-
1976
Randy Johnson
93.1%
Cincinnati Bengals 1971-
1986
Ken Anderson
92.5%
Tennessee Titans 1995-
2007
Steve McNair
92.5%
San Diego Chargers 2004-
Philip Rivers
92.5%
Dallas Cowboys 1969-
1979
Roger Staubach
92.5%
Browns/
Cardinals/
Panthers 2005-
Derek Anderson
92.5%
St. Louis Rams 2000-
2010
Marc Bulger
91.8%
Kansas City Chiefs 1993-
2008
Trent Green
91.5%
Pittsburgh Steelers 2004-
Ben Roethlisberger
91.5%
Cincinnati Bengals/
Raiders 2003-
Carson Palmer
91.5%
Baltimore Ravens 2008-
Joe Flacco
91.5%
Philadelphia Eagles 1985-
2001
Randall Cunningham
91.2%
Minnesota Vikings 1999-
2009
Daunte Culpepper
90.9%
Cleveland Browns 1957-
1969
Milt Plum
90.9%
New York Jets 1965-
1977
Joe Namath
90.6%
Jacksonville Jaguars 1993-
Mark Brunell
90.3%
Pittsburgh Steelers 1970-
1983
Terry Bradshaw
90.3%
Green Bay Packers 1956-
1971
Bart Starr
90%
Dallas Cowboys 2003-
Tony Romo
90%
Miami Dolphins 1967-
1980
Bob Griese
89.7%
Broncos/
Dolphins/
Buccs/
Bears 1998-
2008
Brian Griese
89.7%
N.Y. Jets/
Miami Dolphins 2000-
2010
Chad Pennington
89.3%
Phoenix Cardinals/
Denver Broncos 1997-
2006
Jake Plummer
89%
San Francisco 49ers 1999-
Jeff Garcia
88.7%
Seattle Seahawks 1980-
1998
Dave Krieg
88.4%
Oakland Raiders 1987-
2004
Rich Gannon
88.4%
Atlanta Falcons/
Philadelphia Eagles 2001-
Michael Vick
88.1%
Philadelphia Eagles 1974-
1989
Ron Jaworski
87.5%
Dallas Cowboys 1976-
1988
Danny White
87.1%
Denver Broncos/
Chicago Bears 2006-
Jay Cutler
86.5%
Pittsburgh Steelers/
Bears 1995-
2005
Kordell Stewart
86.5%
Washington Redskins 1974-
1985
Joe Theismann
86.2%
Carolina Panthers/
Browns/
Texans 1999-
Jake Delhomme
86.2%
Kansas City Chiefs 1957-
1975
Len Dawson
85.3%
Oakland Raiders 1970-
1984
Ken Stabler
85.3%
New Orleans Saints/
Raiders 1999-
2006
Aaron Brooks
85.3%
Chicago Bears 1982-
1996
Jim McMahon
84.6%
team/ years played
player name
% Correct
Texans/
Panthers/
49ers/
Giants 2002-
David Carr
84.6%
Redskins/
Raiders 2005-
Jason Campbell
84%
Los Angeles Rams 1986-
1997
Jim Everett
83.7%
Cleveland Browns 1985-
1996
Bernie Kosar
83.4%
Green Bay Packers 2005-
Aaron Rodgers
82.8%
Washington Redskins 1978-
1989
Doug Williams
82.8%
Colts/
Cards/
Falcons/
Bears/
Rams 1988-
2004
Chris Chandler
82.4%
Oakland Raiders 1971-
1986
Jim Plunkett
82.4%
Baltimore Colts 1973-
1982
Bert Jones
82.4%
Seattle Seahawks 1997-
2011
Jon Kitna
81.8%
Pittsburgh Steelers 1990-
2003
Neil O'Donnell
80.9%
Houston Texans 2004-
Matt Schaub
80.9%
Patriots/
Kansas City Chiefs 2005-
Matt Cassel
80.6%
49ers/
Giants 1948-
1964
Y.A. Tittle
80.3%
Cleveland Browns 1946-
1955
Otto Graham
79.9%
Ravens/
Bucs/
Seahawks/
49ers 1994-
2007
Trent Dilfer
79.9%
Washington Redskins 1986-
2001
Mark Rypien
79.9%
Jacksonville Jaguars 2002-
David Garrard
79.9%
N.Y. Giants/
Steelers/
Cardinals 1990-
2001
Kent Graham
79.9%
Bears/
Broncos/
Chiefs 2005-
Kyle Orton
79%
Carolina Panthers 1987-
2003
Steve Beuerlein
78.4%
Colts/
Falcons/
Raiders/
Vikings 1990-
2001
Jeff George
77.7%
Patriots/
Bills/
Chargers/
Patriots 1986-
2005
Doug Flutie
77.7%
Washington Redskins 1957-
1974
Sonny Jurgensen
77.1%
Chicago Bears/
Colts 1987-
2000
Jim Harbaugh
77.1%
New York Jets 1983-
1993
Ken O'Brien
76.8%
Jaguars/
Falcons/
Steelers 2003-
Byron Leftwich
76.8%
Kansas City Chiefs 1993-
2001
Elvis Grbac
75.2%
St. Louis Cardinals 1966-
1984
Jim Hart
74.6%
Kansas City Chiefs 1978-
1998
Steve DeBerg
74.6%
Cleveland Browns 1975-
1983
Brian Sipe
74.6%
Atlanta Falcons 1975-
1986
Steve Bartkowski
74.3%
Seattle Seahawks 1976-
1987
Jim Zorn
74.3%
Detroit Lions 2009-
Matthew Stafford
74.3%
Chicago Bears/
Redskins 2003-
Rex Grossman
74.3%
Oakland Raiders 1949-
1975
George Blanda
74%
Detroit Lions/
Dolphins/
Falcons 2002-
2007
Joey Harrington
74%
New England Patriots 1975-
1990
Steve Grogan
73.4%
Cleveland Browns 1999-
2003
Tim Couch
72.4%
St. Louis Cardinals 1981-
1988
Neil Lomax
72.1%
Washington Redskins 1937-
1952
Sammy Baugh
72.1%
Dolphins/
Detroit Lions 1990-
2001
Scott Mitchell
72.1%
Dallas Cowboys/
Denver Broncos 1965-
1982
Craig Morton
71.8%
Minnesota Vikings 1977-
1990
Tommy Kramer
71.8%
Detroit Lions/
Chicago Bears 1987-
1999
Erik Kramer
71.8%
Oakland Raiders 1963-
1974
Daryle Lamonica
71.5%
New York Jets 2009-
Mark Sanchez
71.2%
Vikings/
Cowboys/
Saints/
Falcons 1981-
1998
Wade Wilson
70.5%
Oakland Raiders 1980-
1990
Marc Wilson
70.5%
New England Patriots/
Jets 1983-
1990
Tony Eason
70.5%
Detroit Lions/
Pittsburgh Steelers 1998-
Charlie Batch
70.5%
Green Bay Packers/
Colts/
Lions 1987-
1996
Don Majkowski
70.2%
New York Giants 1984-
1997
Jeff Hostetler
69.9%
San Diego Chargers 1962-
1977
John Hadl
69.6%
Miami Dolphins/
Jets 1995-
2005
Jay Fiedler
69.6%
Detroit Lions 1948-
1962
Bobby Layne
68.7%
Atlanta Falcons/
Rams 1987-
1999
Chris Miller
68.7%
Bears/
Steelers 1954-
1965
Ed Brown
67.1%
N.Y. Giants/
Cardinals 1992-
2001
Dave Brown
67.1%
San Francisco 49ers 1957-
1973
John Brodie
65.8%
Buffalo Bills 1973-
1990
Joe Ferguson
65.8%
San Diego Chargers 1988-
1997
Stan Humphries
65.8%
New Orleans Saints 1985-
1996
Bobby Hebert
65.5%
Cincinnati Bengals 1992-
2005
Jeff Blake
65.2%
Eagles/
Rams 1962-
1977
Roman Gabriel
64.9%
Buffalo Bills 1957-
1969
Jack Kemp
64.9%
Steelers/
Broncos/
Rams/
Falcons 1992-
2005
Tommy Maddox
64.6%
team/ years played
player name
% Correct
Buffalo Bills/
Rams/
Bengals 2005-
Ryan Fitzpatrick
63.3%
Tampa Bay Buccaneers 2009-
Josh Freeman
62.4%
Green Bay Packers 1971-
1985
Lynn Dickey
62.1%
Lions/
Eagles/
Cowboys/
Panthers 1989-
2004
Rodney Peete
62.1%
Washington Redskins/
Raiders 1984-
1994
Jay Schroeder
61.4%
Dallas Cowboys 1960-
1968
Don Meredith
60.5%
Baltimore Ravens/
Rams/
Raiders 2003-
Kyle Boller
59.6%
Rams/
Ravens 1996-
2005
Tony Banks
59.2%
New York Jets/
Saints 1976-
1985
Richard Todd
58.9%
Chicago Bears 1939-
1950
Sid Luckman
58.3%
Washington Redskins 1994-
2008
Gus Frerotte
58%
Miami Dolphins 1956-
1976
Earl Morrall
56.7%
Houston Oilers 1970-
1980
Dan Pastorini
56.7%
Steelers/
Eagles/
Broncos 1986-
2000
Bubby Brister
56.1%
Washington Redskins 1961-
1978
Billy Kilmer
55.2%
Seahawks/
Bears/
Packers/
Jets 1993-
2003
Rick Mirer
54.5%
Los Angeles Rams 1977-
1986
Vince Ferragamo
53.9%
Kansas City Chiefs 1980-
1988
Bill Kenney
50.2%
49ers/
Kansas City Chiefs 1985-
1999
Steve Bono
49.5%
Miami Dolphins 1980-
1986
David Woodley
47.6%
N.Y. Jets/
Dolphins 1962-
1966
Dick Wood
47.3%
Detroit Lions 1968-
1984
Greg Landry
46.4%
Philadelphia Eagles 1961-
1976
Norm Snead
44.5%
Pittsburgh Steelers 1980-
1989
Mark Malone
43.9%
Bears/
Packers/
Steelers 1985-
1999
Mike Tomczak
43.6%
New England Patriots 1952-
1969
Babe Parilli
41.7%
Chicago Bears/
Raiders 1977-
1995
Vince Evans
39.8%
Los Angeles Rams 1976-
1981
Pat Haden
38.6%
Los Angeles Rams 1945-
1952
Bob Waterfield
37.9%
Bills/
Rams/
Chargers 1969-
1981
James Harris
37.9%
Detroit Lions 1976-
1988
Gary Danielson
37.3%
Cowboys/
Saints/
Rams/
Bears 1989-
1999
Steve Walsh
36.1%
Los Angeles Rams 1949-
1960
Norm Van Brocklin
33.9%
Philadelphia Eagles 1940-
1950
Tommy Thompson
33.9%
Detroit Lions 1980-
1989
Eric Hipple
33.5%
Chargers/
Falcons/
Oilers/
Saints 1989-
2000
Billy Joe Tolliver
32.9%
N.Y. Giants 1948-
1961
Charley Conerly
32.3%
Rams/
Bears 1954-
1966
Billy Wade
30.4%
Packers/
Lions/
Chargers 1950-
1966
Tobin Rote
29.5%
Cleveland BrownsBears 1970-
1981
Mike Phipps
28.2%
Indianapolis Colts/
Jets 1986-
1995
Jack Trudeau
27.9%
Oakland Raiders 1960-
1969
Tom Flores
27.6%
Kansas City Chiefs/
Bears 1979-
1986
Steve Fuller
27.3%
Bears/
Green Bay Packers 1954-
1973
Zeke Bratkowski
23.2%
Cleveland Browns 1963-
1972
Bill Nelsen
22.9%
Cowboys/
Colts/
Cardinals 1980-
1989
Gary Hogeboom
22.6%
Kansas City Chiefs 1968-
1979
Mike Livingston
21.6%
Colts/
Cleveland Browns 1982-
1993
Mike Pagel
21.3%
San Francisco 49ers 1946-
1958
Frankie Albert
19.7%
New England Patriots/
Chargers 1990-
2000
John Friesz
19.4%
Tampa Bay Buccaneers 1992-
1999
Craig Erickson
18.8%
Washington Redskins 1952-
1963
Eddie LeBaron
18.5%
Packers 1930-
1940, Giants 1944-
1945
Arnie Herber
18.5%
Denver Broncos 1949-
1963
Frank Tripucka
18.5%
Detroit Lions 1964-
1979
Bill Munson
17.9%
Colts/
Dallas Texans/
Raiders 1954-
1968
Cotton Davidson
14.7%
Colts/
Saints/
Vikings/
Cadinals1963-
1972
Gary Cuozzo
11.9%
Houston Oilers 1964-
1973
Pete Beathard
10.3%
Pittsburgh Steelers 1949-
1955
Jim Finks
9.7%
Minnesota Vikings 1965-
1976
Bob Berry
8.5%
Philadelphia Eagles 1949-
1957
Bobby Thomason
7.5%
Cardinals/
Packers/
Colts/
49ers 1954-
1964
Lamar McHan
6.6%
Cleveland Browns 1947-
1956
George Ratterman
6%
Steelers/
Bears 1953-
1968
Rudy Bukich
5%
Redskins/
Jets/
Bills 1954-
1962
Al Dorow
3.4%
Chicago Cardinals 1945-
1950
Paul Christman
2.5%
Quiz Playlist
Details
Report
Send in Message
Add To Playlist
More Info:
*active in 2011 +Hall of Fame hint: team best known with, and years played in NFL
Classic:
Type in answers that appear in a list
Last Updated: Feb 16, 2017
Quiz Scoreboard
CHALLENGE
Sign Up to Join the Scoreboard
Show All
Scores
Hide
Comments
May contain spoilers
Recently Published
Alphabetical 'K' Countries by Flag Minefield
by ylime102
Geography
3m
Pick 6: Fruits
by JohnFran
Miscellaneous
15s
Click the 1999 NBA Draft
by nibperrychub
Sports
2m
More to Explore
Quiz From the Vault
Featured Blog Post
15 Basketball Trivia Facts You Can Be March Mad About
hide this ad
You Might Also Like...
Tags
NFL Quiz
200
Passing
Top 200
Today's Top Quizzes in Sports
Browse Sports
hide this ad
Today's Top Quizzes in NFL
Browse NFL
Top Contributed Quizzes in Sports
1
Don't Strike Out: 3000 Strikeouts
2
MLB 2 truths and a lie: Hall of Fame pitchers
3
Pick 6: NFL Teams
4
Criteria MLB: Left Handed Sluggers
5
MLB Players with Two .350 Batting Average Seasons
6
2022 World Cup Stars
7
Les joueurs à 100 buts en Ligue 1 Uber Eats
8
Millionaire: NBA Finals Edition
9
Pick 6: Minor League Baseball
10
Last 10 Members of the 500 HR Club in Order
Explore More
Trending Topics
Anime
Crossword
Disney
Kpop
Marvel
NBA
Harry Potter
Country
Puzzle
WWE
Soccer
Song
Pokémon
NFL
The Office
hide this ad
More By:
Dangard
Quiz
Plays
Rating
Category
Featured
Created
NFL Top 200 Passing Yaradage Leaders thru 2012
352
1.00
Sports
Jan 19, 2013
Top 200 NFL Passing Yardage Leaders Thru 2011
319
3.67
Sports
Feb 25, 2012
Go to Creator's Profile
Score Distribution
Quiz Creator Spotlight
Dangard
Follow
Send a Message
Quizzes Created
-
Created Quiz Play Count
-
More By This Creator
Popular Quizzes Today
1
Find the US States - No Outlines Minefield
2
Countries of Asia Without Outlines Minefield
3
Pick 6: Fruits
4
The Countries of the World
5
Alphabetical 'K' Countries by Flag Minefield
6
Find the US States
7
Click the 1999 NBA Draft
8
Match the Book to the Film X
More Sports Quizzes
MLB Youngest Double MVPs
Published
Trending Quizzes
Pick 6: Harry Potter
Pick 6: Mountains
Pick 6: NFL Teams
Pick 6: Movie Franchises
Pick 6: Golfers
Recently Updated
Women's Final Four Teams by Year
bhenderson79
Presidents Quartet II
eogle
Anything But Clue(do)
eogle
Anything But Oceanian Capitals
eogle
Anything But 7
eogle
Anything But Thing
eogle
Word Ladder: February 29
pecheneg
Song Title Questions
pecheneg
Women's NCAA Tournament #1 Seeds
pecheneg
Celebrity Mug Shots
pecheneg
Trending Topics
NBA
Kpop
Harry Potter
Disney
Marvel
Crossword
Anime
NFL
Country
WWE
Soccer
Puzzle
The Office
Song
Pokémon
Your Account Isn't Verified!
In order to create a playlist on Sporcle, you need to verify the email address you used during registration. Go to your
Sporcle Settings
to finish the process.
Report this User
Report this user for behavior that violates our
Community Guidelines
.
Details:
Send Report
Go to the Sporcle.com Mobile Site →
Comments